000 00727nam a22001935i 4500
001 166430
003 ES-MaACL
005 20240126063023.0
008 050915s1887 fr | |||||||| ||fre d
040 _aCAM
_bspa
_cCAM
100 1 _aTolstói, Lev,
_d1828-1910
_9110489
245 1 0 _aSouvenirs
_b: enfance, adolescence, jeunesse /
_cComte Léon Tolstoï; ouvrage traduit du russe avec l'autorisation de l'auteur par Arvède Barine.
260 _aParis :
_bLibrairie Hachette et C\pie\s,
_c1887 (
_eCoulommiers :
_fTypog. P. Brodard et Gallois)
300 _aVI, 309 p. ;
_c19 cm.
700 1 _aBarine, Arvède (
_d1840-1908)
_9125820
852 _aES-MaACL
_jF-9739
_z-- Rust.
999 _c166430
_d166430